[Event "URU-chT2"]
[Site "Montevideo"]
[Date "2023.07.22"]
[Round "2.1"]
[White "Elena, Eduardo"]
[Black "Visillac, Alejandro"]
[Result "1-0"]
[WhiteElo "1946"]
[BlackElo "1810"]
[PlyCount "103"]
[EventDate "2023.07.21"]
[EventType "team-tourn"]
[EventRounds "5"]
[EventCountry "URU"]
[SourceTitle "EXT 2024"]
[Source "ChessBase"]
[SourceDate "2023.10.10"]
[SourceVersion "1"]
[SourceVersionDate "2023.10.10"]
[SourceQuality "1"]
[WhiteTeam "Solis de Pando"]
[BlackTeam "Atlantida"]
[WhiteTeamCountry "URU"]
[BlackTeamCountry "URU"]

1. e4 e6 2. d4 d5 3. Nd2 Nf6 4. e5 Nfd7 5. Bd3 c5 6. c3 Nc6 7. Ne2 Qb6 8. Nf3 cxd4 9. cxd4 Bb4+ 10. Bd2 0-0 11. 0-0 f6 12. Nf4 Bxd2 13. Qxd2 fxe5 14. dxe5 Ncxe5 15. Nxe5 Nxe5 16. Rfe1 Nxd3 17. Nxd3 Bd7 18. Ne5 Rad8 19. Rac1 Rf5 20. Rc3 Qd6 21. Qd4 Rdf8 22. Rg3 Rf4 23. Qxa7 d4 24. Nd3 Bc6 25. Nxf4 Qxf4 26. Rf1 e5 27. Qc5 Rf7 28. b4 Qe4 29. b5 Bd7 30. Qc4 Qf5 31. Rf3 Qg6 32. Rxf7 Qxf7 33. Qc5 Qxa2 34. Qxe5 Qc4 35. Qb8+ Kf7 36. Qxb7 Qxb5 37. Rb1 Qxb7 38. Rxb7 Ke6 39. Kf1 g6 40. Ke2 Bc6 41. Rxh7 Bxg2 42. Kd3 Ke5 43. Re7+ Kd6 44. Rg7 Ke5 45. Re7+ Kd6 46. Ra7 Ke5 47. Ra5+ Kf4 48. Kxd4 Kf3 49. Ra2 g5 50. Ke5 Bf1 51. Kf5 g4 52. Ra3+ 1-0

[Event "URU-chT2"]
[Site "Montevideo"]
[Date "2023.07.21"]
[Round "1.1"]
[White "Errazola, Mauricio"]
[Black "Visillac, Alejandro"]
[Result "0-1"]
[WhiteElo "1705"]
[BlackElo "1810"]
[PlyCount "64"]
[EventDate "2023.07.21"]
[EventType "team-tourn"]
[EventRounds "5"]
[EventCountry "URU"]
[SourceTitle "EXT 2024"]
[Source "ChessBase"]
[SourceDate "2023.10.10"]
[SourceVersion "1"]
[SourceVersionDate "2023.10.10"]
[SourceQuality "1"]
[WhiteTeam "Enroque Largo"]
[BlackTeam "Atlantida"]
[WhiteTeamCountry "URU"]
[BlackTeamCountry "URU"]

1. d4 e6 2. c4 f5 3. g3 Nf6 4. Bg2 c6 5. Nc3 d5 6. cxd5 exd5 7. Bf4 Bd6 8. Bxd6 Qxd6 9. e3 0-0 10. Nge2 Nbd7 11. 0-0 Ne4 12. Rc1 Ndf6 13. Nf4 Bd7 14. Na4 Rae8 15. Nd3 Bc8 16. Ne5 Nd7 17. f4 Qh6 18. Bxe4 fxe4 19. Nxd7 Bxd7 20. Nc5 Bc8 21. Qa4 a6 22. Qb4 Rf7 23. Rc3 Qh5 24. Rf2 Bh3 25. Rc1 g5 26. Re1 Kh8 27. Nb3 gxf4 28. Rxf4 Rxf4 29. exf4 e3 30. Qd6 Qf3 31. Qf6+ Kg8 32. Qg5+ Kf7 0-1

[Event "Montevideo Duchamp Cup 5th"]
[Site "Montevideo"]
[Date "2022.02.18"]
[Round "8"]
[White "Lanzilotta, Filippo"]
[Black "Visillac, Alejandro"]
[Result "1/2-1/2"]
[WhiteElo "1299"]
[BlackElo "1814"]
[PlyCount "109"]
[EventDate "2022.02.12"]
[EventType "swiss"]
[EventRounds "9"]
[EventCountry "URU"]
[SourceTitle "CBM 206 Extra"]
[Source "ChessBase"]
[SourceDate "2022.03.31"]
[SourceVersion "1"]
[SourceVersionDate "2022.03.31"]
[SourceQuality "1"]

1. e4 e6 2. d4 d5 3. exd5 exd5 4. Nc3 Nf6 5. Bd3 Be7 6. Nge2 Nc6 7. Bg5 Nb4 8. h4 h6 9. Bf4 Nxd3+ 10. Qxd3 c6 11. 0-0-0 0-0 12. Rdg1 Re8 13. f3 Nh5 14. Bd2 Nf6 15. g4 Nh7 16. f4 Nf6 17. g5 Ne4 18. gxh6 Bf6 19. Nxe4 Rxe4 20. Nc3 Bf5 21. Nxe4 Bxe4 22. Qe3 Bxh1 23. Rxh1 gxh6 24. f5 Qf8 25. Qxh6 Qxh6 26. Bxh6 Bxd4 27. c3 Be5 28. h5 Kh7 29. Bg5 Rg8 30. Re1 f6 31. Be3 a6 32. Bd4 Re8 33. Bxe5 fxe5 34. f6 Kg8 35. h6 Kf7 36. Rg1 Kxf6 37. Rg7 b6 38. Rb7 Ke6 39. Rxb6 Kd6 40. Rxa6 Rh8 41. b4 Rxh6 42. b5 Kc5 43. bxc6 Rxc6 44. Rxc6+ Kxc6 45. Kd2 Kc5 46. a4 Kc4 47. Kc2 e4 48. Kd2 Kc5 49. Ke3 Kc4 50. Kd2 e3+ 51. Kxe3 Kxc3 52. a5 d4+ 53. Kf4 d3 54. a6 d2 55. a7 1/2-1/2

[Event "Montevideo Duchamp Cup 5th"]
[Site "Montevideo"]
[Date "2022.02.14"]
[Round "4"]
[White "Brizzi, Milagros Tatiana"]
[Black "Visillac, Alejandro"]
[Result "1-0"]
[WhiteElo "2063"]
[BlackElo "1814"]
[PlyCount "71"]
[EventDate "2022.02.12"]
[EventType "swiss"]
[EventRounds "9"]
[EventCountry "URU"]
[SourceTitle "CBM 206 Extra"]
[Source "ChessBase"]
[SourceDate "2022.03.31"]
[SourceVersion "1"]
[SourceVersionDate "2022.03.31"]
[SourceQuality "1"]

1. e4 e6 2. d4 d5 3. Nc3 Bb4 4. e5 c5 5. a3 Bxc3+ 6. bxc3 Nc6 7. Qg4 Nge7 8. Qxg7 Rg8 9. Qxh7 cxd4 10. Nf3 Qc7 11. Bf4 Bd7 12. h4 0-0-0 13. Qd3 Ng6 14. Bg3 Qa5 15. h5 Rh8 16. Rh3 Nge7 17. Nxd4 Nxd4 18. Qxd4 Nc6 19. Qd2 Qc5 20. f4 Rdg8 21. Bf2 Qf8 22. Bd4 Qg7 23. 0-0-0 Qg4 24. h6 Qg6 25. h7 Rg7 26. Bd3 Qxg2 27. Qxg2 Rxg2 28. Rg1 Rxg1+ 29. Bxg1 Ne7 30. Rh6 b5 31. Bf2 d4 32. Bh4 Nd5 33. c4 bxc4 34. Bxc4 Ne3 35. Ba6+ Kc7 36. Bf6 1-0

[Event "Punta del Este Alekhine op"]
[Site "Punta del Este"]
[Date "2020.03.07"]
[Round "3"]
[White "Visillac, Alejandro"]
[Black "Riella, Andres"]
[Result "1-0"]
[WhiteElo "1799"]
[BlackElo "1522"]
[PlyCount "115"]
[EventDate "2020.03.06"]
[EventType "swiss"]
[EventRounds "5"]
[EventCountry "URU"]
[SourceTitle "EXT 2021"]
[Source "ChessBase"]
[SourceDate "2020.10.23"]
[SourceVersion "1"]
[SourceVersionDate "2020.10.23"]
[SourceQuality "1"]

1. e4 d6 2. Nf3 g6 3. Bc4 e6 4. d4 Bg7 5. Nc3 a6 6. Bg5 Ne7 7. Qd2 b5 8. Be2 h6 9. Be3 Bb7 10. a3 Nd7 11. 0-0 Rc8 12. b4 Nf6 13. Bd3 Ng4 14. h3 Nxe3 15. fxe3 0-0 16. a4 c5 17. bxc5 b4 18. cxd6 Qxd6 19. e5 Qc7 20. Ne4 Bxe4 21. Bxe4 Qc3 22. Qe2 a5 23. Nd2 h5 24. Nb3 Bh6 25. Rf3 Nd5 26. Bxd5 exd5 27. Raf1 Qxc2 28. Qxc2 Rxc2 29. Nxa5 Rc3 30. Rb1 Bxe3+ 31. Kf1 Bxd4 32. Rxc3 bxc3 33. Ke2 Rc8 34. Kd3 Bxe5 35. Rc1 Bf4 36. Rxc3 Ra8 37. Rc5 Rd8 38. Nc6 Rd7 39. a5 Bg3 40. a6 Bf2 41. Nd4 f5 42. Ra5 Ra7 43. Nb5 Ra8 44. Nc7 Ra7 45. Nxd5 Kg7 46. Kc4 Kf7 47. Ra2 Bg1 48. Nb4 Rc7+ 49. Kd5 Kf6 50. Kd6 Bh2+ 51. Kd5 Rd7+ 52. Kc6 Ra7 53. Nd5+ Kg5 54. Kb6 Bg1+ 55. Kc6 Kh6 56. Nc7 Bh2 57. Nb5 Bg1 58. Nxa7 1-0

[Event "American Continental 14th"]
[Site "Montevideo"]
[Date "2018.06.07"]
[Round "8"]
[White "Saralegui Cassan, Mario"]
[Black "Visillac, Alejandro"]
[Result "1-0"]
[WhiteElo "2069"]
[BlackElo "1830"]
[PlyCount "87"]
[EventDate "2018.06.01"]
[EventType "swiss"]
[EventRounds "11"]
[EventCountry "URU"]
[SourceTitle "CBM 184 Extra"]
[Source "ChessBase"]
[SourceDate "2018.06.28"]
[SourceVersion "1"]
[SourceVersionDate "2018.06.28"]
[SourceQuality "1"]

1. d4 e6 2. c4 d5 3. Nc3 Nf6 4. Bg5 Be7 5. e3 b6 6. Nf3 Bb7 7. Bd3 Nbd7 8. 0-0 Ne4 9. Bxe7 Qxe7 10. cxd5 exd5 11. Rc1 0-0 12. Qb3 c6 13. Qc2 f5 14. Qe2 Rae8 15. Rce1 Rf6 16. Nd2 Rh6 17. f4 Qh4 18. Nf3 Qh5 19. h3 Ng3 20. Qf2 Rg6 21. Ng5 Nxf1 22. Qxf1 Rxg5 23. fxg5 Qxg5 24. Qxf5 Qxf5 25. Bxf5 Nf6 26. Bd3 c5 27. Kf2 Kf7 28. Nb5 Ke7 29. dxc5 bxc5 30. Rc1 c4 31. Bb1 a6 32. Nd4 g6 33. Rc3 Kd6 34. Ra3 Kc5 35. Bc2 Ne4+ 36. Bxe4 Rxe4 37. Ra4 Re7 38. a3 Kd6 39. Rb4 Kc5 40. Ke2 Bc6 41. Rb8 Bb7 42. Rf8 Kd6 43. Kd2 Bc6 44. Rf6+ 1-0

[Event "American Continental 14th"]
[Site "Montevideo"]
[Date "2018.06.01"]
[Round "1"]
[White "Visillac, Alejandro"]
[Black "Aranha Filho, Alvaro Zimmermann"]
[Result "0-1"]
[WhiteElo "1830"]
[BlackElo "2304"]
[PlyCount "34"]
[EventDate "2018.06.01"]
[EventType "swiss"]
[EventRounds "11"]
[EventCountry "URU"]
[SourceTitle "CBM 184 Extra"]
[Source "ChessBase"]
[SourceDate "2018.06.28"]
[SourceVersion "1"]
[SourceVersionDate "2018.06.28"]
[SourceQuality "1"]

1. e4 c5 2. Nf3 Nc6 3. d3 g6 4. g3 Bg7 5. Bg2 e5 6. Nc3 Nge7 7. Nd2 0-0 8. Nc4 d6 9. Ne3 f5 10. exf5 gxf5 11. Ned5 f4 12. Bd2 Nd4 13. Be4 Ng6 14. Ne2 Bg4 15. Ndc3 d5 16. Bxd5+ Qxd5 17. Nxd5 Nf3+ 0-1

[Event "Montevideo Duchamp Cup 2nd"]
[Site "Montevideo"]
[Date "2018.02.08"]
[Round "9"]
[White "Rey, Fernando"]
[Black "Visillac, Alejandro"]
[Result "0-1"]
[WhiteElo "1655"]
[BlackElo "1810"]
[PlyCount "40"]
[EventDate "2018.02.02"]
[EventType "swiss"]
[EventRounds "9"]
[EventCountry "URU"]
[SourceTitle "CBM 182 Extra"]
[Source "ChessBase"]
[SourceDate "2018.02.23"]
[SourceVersion "1"]
[SourceVersionDate "2018.02.23"]
[SourceQuality "1"]

1. e4 e6 2. d4 d5 3. Nd2 Nf6 4. e5 Nfd7 5. Bd3 c5 6. c3 Nc6 7. Ne2 Qb6 8. Nf3 cxd4 9. cxd4 Bb4+ 10. Kf1 f6 11. Nf4 Nd8 12. exf6 Nxf6 13. Qe2 0-0 14. a3 Bd6 15. b4 Bd7 16. Qd2 Ne4 17. Bxe4 Bxf4 18. Bxh7+ Kxh7 19. Qd3+ Kg8 20. Bxf4 Bb5 0-1

[Event "Montevideo Duchamp Cup 2nd"]
[Site "Montevideo"]
[Date "2018.02.06"]
[Round "7"]
[White "Saralegui Cassan, Mario"]
[Black "Visillac, Alejandro"]
[Result "1-0"]
[WhiteElo "2068"]
[BlackElo "1810"]
[PlyCount "38"]
[EventDate "2018.02.02"]
[EventType "swiss"]
[EventRounds "9"]
[EventCountry "URU"]
[SourceTitle "CBM 182 Extra"]
[Source "ChessBase"]
[SourceDate "2018.02.23"]
[SourceVersion "1"]
[SourceVersionDate "2018.02.23"]
[SourceQuality "1"]

1. d4 Nf6 2. c4 g6 3. Nc3 Bg7 4. e4 d6 5. Nf3 0-0 6. Be2 e5 7. Be3 a5 8. dxe5 dxe5 9. Qxd8 Rxd8 10. Bg5 Re8 11. 0-0 Nbd7 12. Nb5 Rb8 13. Nxc7 Rf8 14. Nd2 Nc5 15. f3 Ne6 16. Nxe6 Bxe6 17. Rfd1 Nd7 18. Nf1 f5 19. Ne3 Nc5 1-0

[Event "Montevideo Duchamp Cup 2nd"]
[Site "Montevideo"]
[Date "2018.02.05"]
[Round "6"]
[White "Visillac, Alejandro"]
[Black "Durante, Aurelio"]
[Result "1-0"]
[WhiteElo "1810"]
[BlackElo "2047"]
[PlyCount "91"]
[EventDate "2018.02.02"]
[EventType "swiss"]
[EventRounds "9"]
[EventCountry "URU"]
[SourceTitle "CBM 182 Extra"]
[Source "ChessBase"]
[SourceDate "2018.02.23"]
[SourceVersion "1"]
[SourceVersionDate "2018.02.23"]
[SourceQuality "1"]

1. e4 d6 2. Nf3 Nf6 3. Nc3 g6 4. Bc4 Bg7 5. d3 0-0 6. 0-0 c6 7. a3 Nbd7 8. Bf4 e5 9. Bg5 h6 10. Be3 Ng4 11. Bd2 Qe7 12. h3 Ngf6 13. Nh4 Kh7 14. Nf3 Nc5 15. b4 Ne6 16. b5 Nf4 17. Bxf4 exf4 18. Re1 Nd7 19. d4 Nb6 20. Bd3 Qc7 21. Ne2 g5 22. e5+ Kg8 23. exd6 Qxd6 24. bxc6 bxc6 25. c4 Qc7 26. Rb1 Be6 27. Rc1 Qd7 28. Bb1 Rfe8 29. Qd3 f5 30. Ba2 Bf7 31. Nc3 Rad8 32. Rxe8+ Rxe8 33. Rd1 Rd8 34. Qe2 Bh5 35. a4 a5 36. Qd3 g4 37. c5+ Nd5 38. Ne5 Qc8 39. hxg4 fxg4 40. Qe4 Kh8 41. Nxd5 cxd5 42. Bxd5 Rxd5 43. Qxd5 Qf5 44. c6 g3 45. f3 Qc2 46. Rf1 1-0

[Event "Montevideo Duchamp Cup 2nd"]
[Site "Montevideo"]
[Date "2018.02.04"]
[Round "5"]
[White "Visillac, Alejandro"]
[Black "Benitez, Julio"]
[Result "1-0"]
[WhiteElo "1810"]
[BlackElo "1577"]
[PlyCount "37"]
[EventDate "2018.02.02"]
[EventType "swiss"]
[EventRounds "9"]
[EventCountry "URU"]
[SourceTitle "CBM 182 Extra"]
[Source "ChessBase"]
[SourceDate "2018.02.23"]
[SourceVersion "1"]
[SourceVersionDate "2018.02.23"]
[SourceQuality "1"]

1. e4 e6 2. d3 d6 3. Nf3 Be7 4. Nc3 Nf6 5. g3 c5 6. Bg2 Nc6 7. 0-0 e5 8. Nd5 Nxd5 9. exd5 Nd4 10. Nxd4 cxd4 11. f4 Bf6 12. c3 dxc3 13. fxe5 dxe5 14. bxc3 0-0 15. Be4 g6 16. Qf3 Bg7 17. Ba3 f5 18. Bxf8 fxe4 19. Qf7+ 1-0

[Event "URU-chT Interclubes Serie B"]
[Site "Montevideo"]
[Date "2016.09.24"]
[Round "4.23"]
[White "Chinelli, Gabriel"]
[Black "Visillac, Alejandro"]
[Result "0-1"]
[WhiteElo "1708"]
[BlackElo "1793"]
[PlyCount "90"]
[EventDate "2016.09.23"]
[EventType "swiss"]
[EventRounds "5"]
[EventCountry "URU"]
[SourceTitle "EXT 2024"]
[Source "ChessBase"]
[SourceDate "2023.10.10"]
[SourceVersion "1"]
[SourceVersionDate "2023.10.10"]
[SourceQuality "1"]

1. d4 Nf6 2. Nf3 g6 3. e3 Bg7 4. Bd3 0-0 5. 0-0 d6 6. c4 Bg4 7. h3 Bd7 8. Nc3 Nc6 9. Re1 e5 10. d5 Ne7 11. e4 Nh5 12. Ne2 f5 13. Ng5 f4 14. Kf1 Nxd5 15. Nxh7 Kxh7 16. exd5 f3 17. Ng3 Nxg3+ 18. fxg3 Qf6 19. Be3 Rf7 20. h4 Bg4 21. Qc2 Re8 22. Bg5 fxg2+ 23. Kg1 Qf3 24. Bxg6+ Kh8 25. Be4 Qxg3 26. Qxg2 Qxg2+ 27. Kxg2 Ref8 28. Kg3 Bf5 29. Bxf5 Rxf5 30. Re2 Kh7 31. Rae1 Bh6 32. Bxh6 Kxh6 33. Re3 Rf4 34. R1e2 Kh5 35. Re4 Rg8+ 36. Kh3 Rf3+ 37. Kh2 Rgg3 38. Rg2 Rh3+ 39. Kg1 Rxh4 40. Rxh4+ Kxh4 41. Rg8 Rg3+ 42. Rxg3 Kxg3 43. Kf1 Kf3 44. b4 Ke3 45. a4 Kd4 0-1

[Event "URU-ch Seniors"]
[Site "Montevideo"]
[Date "2016.06.18"]
[Round "3"]
[White "Visillac, Alejandro"]
[Black "Rocca, Jose"]
[Result "1-0"]
[WhiteElo "1784"]
[BlackElo "1631"]
[PlyCount "71"]
[EventDate "2016.06.17"]
[EventType "swiss"]
[EventRounds "5"]
[EventCountry "URU"]
[SourceTitle "EXT 2017"]
[Source "ChessBase"]
[SourceDate "2016.10.25"]
[SourceVersion "1"]
[SourceVersionDate "2016.10.25"]
[SourceQuality "1"]

1. e4 e6 2. d3 d5 3. Nd2 Nf6 4. Ngf3 dxe4 5. dxe4 Be7 6. Bc4 0-0 7. 0-0 Nc6 8. Qe2 Nd4 9. Nxd4 Qxd4 10. c3 Qb6 11. e5 Nd7 12. Nb3 c5 13. Bf4 f6 14. exf6 Nxf6 15. Rfe1 Nd5 16. Bg3 Bd6 17. Bxd6 Qxd6 18. Qe5 Qd8 19. Nxc5 Qh4 20. Nxe6 Qxf2+ 21. Kh1 Bxe6 22. Qxe6+ Kh8 23. Qxd5 Rad8 24. Qe4 Rf4 25. Qe2 Qc5 26. Bb3 Rf2 27. Rad1 Rdf8 28. Qc4 Qg5 29. Qd5 Qf6 30. h3 Rxb2 31. Rf1 Qxf1+ 32. Rxf1 Rxf1+ 33. Kh2 Rf8 34. Qxb7 a5 35. Qd5 Rbf2 36. Qxa5 1-0

[Event "Punta del Este op 4th"]
[Site "Punta del Este"]
[Date "2015.11.14"]
[Round "3"]
[White "Visillac, Alejandro"]
[Black "Rossi, Dantis"]
[Result "1-0"]
[WhiteElo "1819"]
[BlackElo "1495"]
[PlyCount "97"]
[EventDate "2015.11.13"]
[EventType "swiss"]
[EventRounds "5"]
[EventCountry "URU"]
[SourceTitle "CBM 169 Extra"]
[Source "ChessBase"]
[SourceDate "2015.12.18"]
[SourceVersion "1"]
[SourceVersionDate "2015.12.18"]
[SourceQuality "1"]

1. e4 e5 2. Nf3 Nc6 3. Bb5 Bd6 4. d4 Qe7 5. 0-0 a6 6. Ba4 exd4 7. Bxc6 dxc6 8. Qxd4 Nf6 9. Bg5 Bc5 10. Qc3 Be6 11. e5 Nd5 12. Bxe7 Nxc3 13. Bxc5 Nd5 14. c4 Nf4 15. b3 0-0-0 16. Be3 Ng6 17. Nc3 Rhe8 18. Rfd1 Bg4 19. Rxd8+ Rxd8 20. Rd1 Re8 21. h3 Bxf3 22. gxf3 Nxe5 23. Kg2 f5 24. Bd4 Nf7 25. Rg1 g5 26. Kf1 h6 27. h4 Rd8 28. Ne2 b6 29. hxg5 Nxg5 30. Bf6 Rd1+ 31. Kg2 Rxg1+ 32. Nxg1 b5 33. Ne2 Ne6 34. Kg3 Kd7 35. Nd4 Nxd4 36. Bxd4 Ke6 37. Kf4 a5 38. a4 bxa4 39. bxa4 h5 40. Kg5 c5 41. Bc3 c6 42. Kxh5 Kf7 43. Kg5 Ke6 44. f4 Kf7 45. Kxf5 Kg8 46. Ke6 Kh7 47. f5 Kh6 48. f6 Kg6 49. f7 1-0

[Event "URU-chT Departamental"]
[Site "Punta del Este"]
[Date "2014.11.09"]
[Round "5.72"]
[White "Visillac, Alejandro"]
[Black "Savino, Horacio"]
[Result "0-1"]
[WhiteElo "1815"]
[BlackElo "1857"]
[PlyCount "96"]
[EventDate "2014.11.07"]
[EventType "team-swiss"]
[EventRounds "5"]
[EventCountry "URU"]
[SourceTitle "EXT 2017"]
[Source "ChessBase"]
[SourceDate "2016.10.25"]
[SourceVersion "1"]
[SourceVersionDate "2016.10.25"]
[SourceQuality "1"]

1. e4 e6 2. d3 d5 3. Nd2 dxe4 4. dxe4 Nf6 5. Ngf3 Bc5 6. Be2 Nc6 7. 0-0 0-0 8. Bd3 e5 9. h3 Re8 10. Nc4 b5 11. Ne3 a6 12. Nd5 Nxd5 13. exd5 Nb4 14. Re1 Nxd3 15. Qxd3 Bd6 16. Re4 f5 17. Rh4 e4 18. Bg5 exd3 19. Bxd8 Rxd8 20. Rd4 dxc2 21. Rc1 Bb7 22. Rxc2 Re8 23. g3 Re4 24. Rd1 Rae8 25. Rcc1 Re2 26. Rb1 Bc5 27. Nd4 Bxd4 28. Rxd4 Rc2 29. Rbd1 Ree2 30. Rf4 g6 31. g4 fxg4 32. hxg4 Rcd2 33. Rc1 Rc2 34. Rd1 Rxb2 35. Kf1 Rxa2 36. d6 cxd6 37. Rxd6 Re7 38. f3 Rc7 39. Rd1 Bd5 40. g5 Bc4+ 41. Kg1 Re7 42. Rf6 a5 43. Rfd6 Rae2 44. R1d4 a4 45. Rf6 a3 46. Ra6 a2 47. Rd8+ Kg7 48. Rd1 Re1+ 0-1

[Event "Pan American-ch Amateur"]
[Site "Montevideo"]
[Date "2013.10.28"]
[Round "8"]
[White "Pugliese, Facundo"]
[Black "Visillac, Alejandro"]
[Result "0-1"]
[WhiteElo "1943"]
[BlackElo "1809"]
[PlyCount "86"]
[EventDate "2013.10.24"]
[EventType "swiss"]
[EventRounds "9"]
[EventCountry "URU"]
[SourceTitle "EXT 2014"]
[Source "ChessBase"]
[SourceDate "2013.11.20"]
[SourceVersion "1"]
[SourceVersionDate "2013.11.20"]
[SourceQuality "1"]

1. e4 e6 2. d4 d5 3. e5 c5 4. c3 Nc6 5. Nf3 Qc7 6. Bd3 Bd7 7. a3 cxd4 8. cxd4 Nge7 9. Nc3 a6 10. 0-0 Ng6 11. h4 Be7 12. g3 f5 13. h5 Nf8 14. Bf4 Qb6 15. Bxf5 exf5 16. Nxd5 Qd8 17. Ne3 Be6 18. d5 g5 19. hxg6 Nxg6 20. dxe6 Nxf4 21. Qxd8+ Nxd8 22. gxf4 Nxe6 23. Nxf5 Nxf4 24. Rfd1 Rc8 25. N3d4 Rg8+ 26. Kf1 Rg5 27. Rac1 Rd8 28. e6 Bf6 29. e7 Bxe7 30. Re1 Rd7 31. Rc8+ Kf7 32. Rxe7+ Rxe7 33. Nxe7 Kxe7 34. Rc7+ Kd6 35. Rxh7 Rd5 36. Nf3 Rd1+ 37. Ne1 Rb1 38. Rxb7 Nd3 39. b4 Nxe1 40. Rb6+ Kd5 41. Rxa6 Ra1 42. Ra5+ Ke4 43. Ke2 Nf3 0-1